Model plniacej linky

Salvato in:
Dettagli Bibliografici
Autore principale: Tančibok, Ivan (Autore)
Altri autori: Chovanec, Ľuboš (Relatore della tesi)
Natura: Manoscritto Libro
Lingua:slovacco
Pubblicazione: 2017
Soggetti:
Accesso online:http://is.stuba.sk/zp/portal_zp.pl?podrobnosti=125695
Tags: Aggiungi Tag
Nessun Tag, puoi essere il primo ad aggiungerne!!

MARC

LEADER 00000ntm a22000003a 4500
001 stuzp59650
003 SK-STU
005 20170721100230.8
007 ta
008 150427s2015----xo-----f-mn---000-0-slo-d
040 |a STU  |b slo 
041 0 |a slo 
044 |a xo 
100 1 |a Tančibok, Ivan  |u 031000  |4 aut  |U FEI Fakulta elektrotechniky a informatiky  |T FEI Ústav robotiky a kybernetiky  |X 72587  |U E011  |Y 356  |7 72587 
242 0 1 |a Filling line model  |y eng 
245 1 0 |a Model plniacej linky 
260 |c 2017 
300 |a 61 s., príl.,  |b CD-ROM 
650 4 |a Otvorená slučka  |2 slo 
650 4 |a oscilácie  |2 slo 
650 4 |a Voľná hladina  |2 slo 
650 4 |a kvapalina  |2 slo 
650 4 |a Plniaca linka  |2 slo 
650 4 |a free surfaces  |2 eng 
650 4 |a Liquid  |2 eng 
650 4 |a Filling line  |2 eng 
650 4 |a oscillations  |2 eng 
650 4 |a Open loop  |2 eng 
700 1 |a Chovanec, Ľuboš  |u 031000  |k Z3  |4 ths  |U FEI Fakulta elektrotechniky a informatiky  |T FEI Ústav robotiky a kybernetiky  |X 16076  |U E011  |Y 356  |7 A000016076 
856 4 |u http://is.stuba.sk/zp/portal_zp.pl?podrobnosti=125695 
996 |b 284ER02382  |c E*Bc- 2382  |l EE31  |s P  |a 0  |w stuzp59650_0001